000 00639nam a22002292 4500
001 14925
003 BD-RjUL
005 20211208235722.0
008 140208s1963 xxk 000 0 eng d
035 _a(BD-RjUL)14979
040 _aUKM
_cUKM
_dEQO
_dBD-RjUL
_beng
041 _aeng
082 0 4 _a631.4
_218
_bVOL
100 1 _aVoysey, Annesley.
_946472
245 1 0 _aLandscape and soil /
_cilllustrations by John Robinson.
260 _bLongmans ,
_c1963.
_aLondon :
300 _a66 p. :
_bill. ;
_c21 cm.
490 1 _aRural education series
650 _aland-soil
_946473
830 0 _aRural education series
_946474
942 _2ddc
_cBK
999 _c14925
_d14925